000 01548nam a2200469 i 4500
001 1085
003 KOSZ 005
005 20200520143457.0
008 200520s1984 pl a f 000 0 pol
015 _aUWD 1985/7616
035 _a991008318679705066
035 _a(PL-WaBN)b12146250-48omnis_nlop
035 _ab12146250
035 _a(OCoLC)802452570
035 _a(PL)b0000001214625
035 _a(EXLNZ-48OMNIS_NETWORK)9910152048305606
040 _aWA N
_cWA N
_dKOSZ 005/AR
046 _k1984
080 _a629.735
080 _a621.4
080 _a(075.8)
100 1 _aLeś, Józef
_eAutor
245 1 0 _aBudowa i eksploatacja silników lotniczych /
_cJózef Leś.
260 _aRzeszów :
_bPolitechnika Rzeszowska im. Ignacego Łukasiewicza,
_c1984.
300 _a106 stron :
_bilustracje ;
_c24 cm.
336 _aTekst
_btxt
_2rdacontent
337 _aBez urządzenia pośredniczącego
_bn
_2rdamedia
338 _aWolumin
_bnc
_2rdacarrier
380 _aKsiążki
380 _aPublikacje dydaktyczna
380 _aPublikacje naukowe
388 _a1901-2000
388 _a1945-1989
504 _aBibliografia na stronach 105-106.
650 7 _aSilniki lotnicze
_2DBN
655 7 _aPodręczniki akademickie
_2DBN
658 _aInżynieria i technika
710 2 _4pbl
_aPolitechnika Rzeszowska im. Ignacego Łukasiewicza
856 _uhttp://koha.tu.koszalin.pl/cgi-bin/koha/opac-detail.pl?biblionumber=1085
_yKatalog online BPK
942 _2UKD
_cKS
999 _c1085
_d1085